| 000 | 01379nam a2200241Ia 4500 | ||
|---|---|---|---|
| 001 | 19860 | ||
| 003 | GE_BSU | ||
| 008 | 181216s||||||||xx |||||||||||||| ||und|| | ||
| 020 | _a99940096 | ||
| 040 | _cGE_BSU | ||
| 080 | _a659.4 | ||
| 245 | _aსაზოგადოებასთან ურთიერთობის სამაგიდო ენციკლოპედია=Public Relations/საზოგადოებასთან ურთიერთობის სააგენტო "პროფილი | ||
| 245 | _cპროექტის ავტ. ხელმ. და მთ.რედ. ე. მარია. მოწვეული რედ. მარიკა დარჩია. რევაზ სურგულაძე. ვანო ჭიაურელი და სხვ. | ||
| 260 | _aთბილისი | ||
| 260 | _bცოტნე | ||
| 260 | _c2006 | ||
| 300 | _a293გვ. 29სმ. | ||
| 541 | _h9ლ.50თ. | ||
| 653 | _aბიბლიოთეკარი | ||
| 653 | _aსაზოგადოებასთან ურთიერთობის სამაგიდო ენციკლოპედია=Public Relations/საზოგადოებასთან ურთიერთობის სააგენტო "პროფილი | ||
| 653 | _aქსეროქსი | ||
| 942 | _cBK | ||
| 999 |
_c52830 _d52830 |
||